The Karate Kid Franchise - Statistics

General Stats
  • This quiz has been taken 269 times
  • The average score is 9 of 9
Answer Stats
Type Year Name Info % Correct
Film 1984 The Karate Kid Columbia
100%
Video Game 1987 The Karate Kid LJN
100%
TV Show 1989 The Karate Kid NBC
100%
Film 2010 The Karate Kid Sony
100%
Web Series 2018-Present Cobra Kai YouTube Premium
95%
Video Game 1987 The Karate Kid Part II: The Computer Game Microdeal
95%
Film 1986 The Karate Kid Part II Columbia
94%
Film 1989 The Karate Kid Part III Columbia
88%
Film 1994 The Next Karate Kid Columbia
86%
No matching quizzes found
Score Distribution
Percent of People with Each Score
Percentile by Number Answered
Your Score History
You have not taken this quiz